|
|
|
|
| LEADER |
00000nab a2200000 a 4500 |
| 001 |
vtls000658803 |
| 003 |
SK-MaSNL |
| 005 |
20260304092847.0 |
| 008 |
250425c1998 xo 0 slo |
| 015 |
|
|
|a SNBRB1998/04-08925
|
| 035 |
|
|
|a CLN000010995
|
| 035 |
|
|
|a urn:nbn:sk:snk-abaip7
|
| 035 |
|
|
|a (urnnbn)urn:nbn:sk:snk:ar-008gdj
|
| 035 |
|
|
|a (uuid)a04dee76-bf24-475a-866d-9afd019a88e4
|
| 040 |
|
|
|a SNKBUCL
|b slo
|c SNKBUCL
|e AACR2
|
| 041 |
0 |
|
|a cze
|
| 044 |
|
|
|a xo
|c SK
|
| 080 |
|
|
|a 616.89-008.441.42:615.214
|2 1997
|
| 080 |
|
|
|a 615.214
|2 1997
|
| 100 |
1 |
|
|a Faltus, František,
|d 1930-2015
|4 aut
|9 232645
|
| 245 |
1 |
0 |
|a Farmakoterapie poruch příjmu potravy
|c F. Faltus
|
| 300 |
|
|
|b Tab.
|
| 504 |
|
|
|a Res. angl., čes. Bibliogr. odkazy
|
| 650 |
0 |
7 |
|a poruchy príjmu potravy
|x farmakoterapia
|2 snkbucl
|9 1387287
|
| 650 |
0 |
7 |
|a mentálna anorexia
|2 snkbucl
|9 79198
|
| 650 |
0 |
7 |
|a bulímia
|2 snkbucl
|9 15847
|
| 655 |
|
7 |
|a články z novín a časopisov
|2 snkbucl
|9 267496
|
| 773 |
0 |
|
|t Česká a slovenská psychiatrie
|g Roč. 94, č. 2 (1998), s. 85-96
|x 1212-0383
|
| 850 |
|
|
|a Slovenská národná knižnica
|
| 852 |
|
|
|a Slovenská národná knižnica
|
| 954 |
|
|
|a odborná, vedecká literatúra cudzojazyčná (svetová)
|2 lita
|
| 958 |
|
|
|a article14
|
| 958 |
|
|
|a NB
|
| 958 |
|
|
|a OND
|
| 958 |
|
|
|a EUIPO
|
| 999 |
|
|
|c 2820587
|d 2822517
|